00409nam a22001457a 450000500170000001000130001702000230003003500130005303700310006608200080009710000190010524500550012426000430017930000410022220190504133146.0 aB-261557 a8188370738c150.00 aB-261557 bYoung Learner Publications a930 aTames, Richard aKnowledge masters:bAncient world /cRichard Tames aNew Delhi bYoung Learner Publications a32p. (it include index)c28cm. (hbk)